Administración de la copropiedad inmobiliaria
Wedi'i Gadw mewn:
| Prif Awduron: | , |
|---|---|
| Fformat: | Llyfr |
| Iaith: | Sbaeneg |
| Cyhoeddwyd: |
Santiago
Metropolitana
2016
|
| Rhifyn: | 1a. ed |
| Pynciau: | |
| Tagiau: |
Ychwanegu Tag
Dim Tagiau, Byddwch y cyntaf i dagio'r cofnod hwn!
|
MARC
| LEADER | 00000cam a2200000 a 4500 | ||
|---|---|---|---|
| 001 | UCD6261 | ||
| 003 | CL-VaPUC | ||
| 008 | 161124e20161000cl |||||||||||||||||spa|d | ||
| 020 | |a 9789562862158 | ||
| 082 | 0 | 4 | |a 346.83043 |b SEP |2 21 |
| 100 | 0 | |a Sepúlveda Larroucau, Marco Antonio |e author |9 590017 | |
| 700 | 0 | |a González Alvarez, Iván |e author |9 590018 | |
| 245 | 1 | 0 | |a Administración de la copropiedad inmobiliaria |
| 250 | |a 1a. ed | ||
| 300 | |a 276 p | ||
| 942 | |c BK | ||
| 945 | |d 20161124 22:47:00 |a arojas | ||
| 260 | |a Santiago |b Metropolitana |c 2016 | ||
| 650 | 0 | |a Bienes inmuebles |9 359521 | |
| 650 | 0 | |a Copropiedad inmobiliaria |9 413824 | |
| 583 | |a last modification |c 20161124 22:47:00 |k Rodrigo Vera | ||
| 999 | |c 366618 |d 366616 | ||
| 952 | |0 0 |1 0 |3 erb |4 0 |6 346_830430000000000_SEP_2016 |7 0 |8 A |9 481023 |a BIBDER |b BIBDER |i 5350417 |o 346.83043 SEP 2016 |p 5350417 |r 2023-01-25 |w 2019-11-24 |y BK |z Catalogado en:20161124 |k DER | ||